[Event "PokerStars Masters 2nd"]
[Site "Douglas"]
[Date "2015.10.03"]
[Round "1.28"]
[White "Allen, Keith"]
[Black "House, Glenn L"]
[Result "0-1"]
[WhiteElo "2210"]
[BlackElo "2229"]
[PlyCount "52"]
[EventDate "2015.10.03"]
[EventType "swiss"]
[EventRounds "9"]
[EventCountry "IOM"]
[SourceTitle "twic1065-1099"]
[Source "Mark Crowther"]
[SourceDate "2015.12.04"]
[SourceVersion "1"]
[SourceVersionDate "2015.12.04"]
[SourceQuality "1"]

1. d4 Nf6 2. c4 e6 3. Nc3 Bb4 4. Qc2 O-O 5. e4 d6 6. Nf3 e5 7. d5 c6 8. Be2 Bg4
9. Bd2 Nbd7 10. dxc6 bxc6 11. O-O-O Nc5 12. Rhe1 Rb8 13. Ng5 Qa5 14. Kb1 Rb6
15. Bxg4 Nxg4 16. Re2 Rfb8 17. Be1 h6 18. Nf3 Qa6 19. Rxd6 Ba3 20. Nd1 Na4 21.
c5 Bxc5 22. Rd3 Nxb2 23. Rb3 Nc4 24. Kc1 Ba3+ 25. Kb1 Rxb3+ 26. axb3 Bb2 0-1

[Event "PokerStars Masters 2nd"]
[Site "Douglas"]
[Date "2015.10.03"]
[Round "1.29"]
[White "Hebden, Mark"]
[Black "Gikas, Andreas Basilius"]
[Result "1-0"]
[WhiteElo "2490"]
[BlackElo "2208"]
[PlyCount "130"]
[EventDate "2015.10.03"]
[EventType "swiss"]
[EventRounds "9"]
[EventCountry "IOM"]
[SourceTitle "twic1065-1099"]
[Source "Mark Crowther"]
[SourceDate "2015.12.04"]
[SourceVersion "1"]
[SourceVersionDate "2015.12.04"]
[SourceQuality "1"]

1. d4 d5 2. Nf3 Nf6 3. c4 c6 4. e3 Bf5 5. Nc3 e6 6. Nh4 Be4 7. f3 Bg6 8. Qb3
Qc7 9. Bd2 Nbd7 10. O-O-O dxc4 11. Qxc4 Nb6 12. Qb3 O-O-O 13. Nxg6 hxg6 14. h3
Kb8 15. Kb1 Nh5 16. Ne4 Nd5 17. Bc4 Ng3 18. Rhe1 Be7 19. Rc1 Nf5 20. a3 Ka8 21.
Bf1 Ng3 22. Bd3 Bh4 23. Red1 Nf5 24. Nc5 Ndxe3 25. Bxe3 Nxe3 26. Ba6 bxa6 27.
Qxe3 Bf6 28. Qe4 Qb6 29. Rc3 Rd5 30. Rb3 Qa5 31. Rdd3 Rb8 32. Rxb8+ Kxb8 33.
Rb3+ Kc8 34. Rb4 g5 35. Nb3 Qc7 36. a4 Qf4 37. Qe2 Qd6 38. Qxa6+ Kd8 39. Na5
Ke8 40. Nxc6 Bd8 41. Rb8 Qc7 42. Rc8 Qb6 43. Qxb6 axb6 44. Rb8 Kd7 45. Nxd8 Kc7
46. Rb7+ Kxd8 47. Rxf7 g4 48. hxg4 Rxd4 49. Rxg7 Rxa4 50. Rb7 Rb4 51. g5 Ke8
52. g6 Kf8 53. Rf7+ Kg8 54. Re7 Rd4 55. Rxe6 Rd2 56. Rxb6 Rxg2 57. Rb4 Rg3 58.
Rf4 Kg7 59. b4 Rh3 60. Kb2 Kxg6 61. b5 Kg5 62. Rf8 Kg6 63. Kb3 Rh4 64. b6 Rh1
65. Kc4 Rh7 1-0

[Event "PokerStars Masters 2nd"]
[Site "Douglas"]
[Date "2015.10.03"]
[Round "1.30"]
[White "Walton, Alan J"]
[Black "Tarjan, James Edward"]
[Result "0-1"]
[WhiteElo "2205"]
[BlackElo "2479"]
[PlyCount "206"]
[EventDate "2015.10.03"]
[EventType "swiss"]
[EventRounds "9"]
[EventCountry "IOM"]
[SourceTitle "twic1065-1099"]
[Source "Mark Crowther"]
[SourceDate "2015.12.04"]
[SourceVersion "1"]
[SourceVersionDate "2015.12.04"]
[SourceQuality "1"]

1. d4 g6 2. e4 Bg7 3. Nc3 d6 4. Be3 a6 5. Nf3 Nf6 6. h3 b5 7. Bd3 O-O 8. Qd2
Bb7 9. a3 Nbd7 10. Bh6 e5 11. Bxg7 Kxg7 12. dxe5 dxe5 13. Qe3 c5 14. O-O c4 15.
Be2 Qc7 16. Rfd1 Nc5 17. Nd5 Bxd5 18. exd5 Rad8 19. Nh4 Nxd5 20. Nf5+ Kh8 21.
Qh6 Rg8 22. Ne3 Nxe3 23. Qxe3 Na4 24. b3 cxb3 25. cxb3 Nc3 26. Rdc1 Nxe2+ 27.
Qxe2 Qd6 28. a4 b4 29. Rd1 Qe6 30. Qe4 a5 31. f4 exf4 32. Qxf4 Rge8 33. Rxd8
Rxd8 34. Rf1 Kg8 35. Qc7 Rd5 36. Kh1 h5 37. Qa7 Kg7 38. Qc7 Rf5 39. Rxf5 Qxf5
40. Qc4 Qe5 41. Qd3 Kf6 42. Qd8+ Kg7 43. Qd3 g5 44. Qf3 h4 45. Qd3 Kh6 46. Qf3
Kg6 47. Qc6+ f6 48. Qc2+ Qf5 49. Qc4 Qe5 50. Qc2+ Kf7 51. Qh7+ Ke6 52. Qg8+ Kf5
53. Qc4 Qe1+ 54. Kh2 Qc3 55. Qg4+ Ke5 56. Qe2+ Kf4 57. Qg4+ Ke5 58. Qe2+ Kd4
59. Qd1+ Ke3 60. Kg1 Qd4 61. Qc2 Qc3 62. Qd1 Qe5 63. Qc2 Qd4 64. Kh1 Qa1+ 65.
Kh2 Qe5+ 66. Kg1 Qd5 67. Kh2 Kf4 68. Qf2+ Ke5 69. Qe3+ Kf5 70. Kh1 Qe5 71. Qd3+
Ke6 72. Qc4+ Ke7 73. Qg8 Qe1+ 74. Kh2 Qe6 75. Qh7+ Kd6 76. Qd3+ Kc7 77. Kh1
Qe1+ 78. Kh2 Qc3 79. Qd1 Kc6 80. Kh1 f5 81. Qb1 Qe5 82. Qc1+ Qc3 83. Qb1 Qc5
84. Qd3 Kc7 85. Qd2 f4 86. Qd3 Qe5 87. Qc4+ Kb6 88. Qf1 Qd5 89. Qf2+ Kb7 90.
Qb2 f3 91. Qg7+ Kc6 92. Qf6+ Kc5 93. gxf3 Qd1+ 94. Kg2 Qe2+ 95. Kg1 Qe1+ 96.
Kg2 Qg3+ 97. Kf1 Qxh3+ 98. Ke2 Qh2+ 99. Kf1 Qh1+ 100. Ke2 Qh2+ 101. Ke3 Qf4+
102. Qxf4 gxf4+ 103. Kxf4 Kd4 0-1

[Event "PokerStars Masters 2nd"]
[Site "Douglas"]
[Date "2015.10.03"]
[Round "1.31"]
[White "Player, Edmund C"]
[Black "Neelotpal, Das"]
[Result "0-1"]
[WhiteElo "2200"]
[BlackElo "2465"]
[PlyCount "75"]
[EventDate "2015.10.03"]
[EventType "swiss"]
[EventRounds "9"]
[EventCountry "IOM"]
[SourceTitle "twic1065-1099"]
[Source "Mark Crowther"]
[SourceDate "2015.12.04"]
[SourceVersion "1"]
[SourceVersionDate "2015.12.04"]
[SourceQuality "1"]

1. e4 e5 2. Nf3 Nc6 3. Nc3 Nf6 4. g3 Bc5 5. Bg2 d6 6. d3 a6 7. O-O O-O 8. Bg5
h6 9. Be3 Bxe3 10. fxe3 Ne7 11. Nh4 Ng6 12. Nf5 c6 13. Qe2 d5 14. exd5 cxd5 15.
Rf2 Be6 16. Raf1 Nh7 17. h4 Re8 18. Qg4 Nf6 19. Qf3 Bxf5 20. Qxf5 Re7 21. Qh3
d4 22. Nd1 Nd5 23. e4 Nc7 24. Bf3 Ne6 25. Bh5 Nef8 26. Qg4 Re6 27. Qe2 Rc6 28.
c4 b5 29. b3 Nh7 30. Rh2 Ngf8 31. Nf2 Nf6 32. Bf3 Rb8 33. Qd2 a5 34. Nh3 bxc4
35. bxc4 Ne6 36. g4 Nh7 37. Qe1 Nhf8 38. Qg3 0-1

[Event "PokerStars Masters 2nd"]
[Site "Douglas"]
[Date "2015.10.03"]
[Round "1.32"]
[White "Nakar, Eylon"]
[Black "Byron, Alan M"]
[Result "1-0"]
[WhiteElo "2463"]
[BlackElo "2188"]
[PlyCount "59"]
[EventDate "2015.10.03"]
[EventType "swiss"]
[EventRounds "9"]
[EventCountry "IOM"]
[SourceTitle "twic1065-1099"]
[Source "Mark Crowther"]
[SourceDate "2015.12.04"]
[SourceVersion "1"]
[SourceVersionDate "2015.12.04"]
[SourceQuality "1"]

1. e4 c5 2. Nf3 Nc6 3. Bb5 g6 4. Bxc6 bxc6 5. O-O Bg7 6. Re1 Rb8 7. Nc3 e5 8.
a3 d6 9. b4 cxb4 10. axb4 a6 11. Ra4 g5 12. d3 h6 13. Be3 g4 14. Nd2 Ne7 15.
Nf1 h5 16. d4 h4 17. Qd2 Qd7 18. Rd1 Ng6 19. d5 cxd5 20. Qxd5 Bf8 21. Qd3 Be7
22. Ra3 Rxb4 23. Nd5 Rb8 24. Rc3 Bd8 25. Rc7 Qe6 26. Qa3 O-O 27. Rc6 Bb7 28.
Rxd6 Qc8 29. Bh6 Bxd5 30. Rxg6+ 1-0

[Event "PokerStars Masters 2nd"]
[Site "Douglas"]
[Date "2015.10.03"]
[Round "1.33"]
[White "Hill, Alistair"]
[Black "Lampert, Jonas"]
[Result "0-1"]
[WhiteElo "2180"]
[BlackElo "2461"]
[PlyCount "120"]
[EventDate "2015.10.03"]
[EventType "swiss"]
[EventRounds "9"]
[EventCountry "IOM"]
[SourceTitle "twic1065-1099"]
[Source "Mark Crowther"]
[SourceDate "2015.12.04"]
[SourceVersion "1"]
[SourceVersionDate "2015.12.04"]
[SourceQuality "1"]

1. Nf3 d5 2. g3 g6 3. Bg2 Bg7 4. O-O e5 5. c4 dxc4 6. Na3 Nc6 7. Nxc4 e4 8. Ne1
Be6 9. Qc2 Nf6 10. d3 Nd4 11. Qd1 O-O 12. Ne3 exd3 13. Nxd3 Qd6 14. Nf4 Rad8
15. Bxb7 Qb6 16. Nxe6 Nf3+ 17. Bxf3 Rxd1 18. Nxd1 Qxe6 19. Nc3 Rb8 20. Be3 Ng4
21. Bxa7 Rxb2 22. Rac1 Ne5 23. Bg2 Qa6 24. Be3 Nc4 25. Bf4 g5 26. Bxg5 Bxc3 27.
Rxc3 Rxe2 28. Bd5 Nd6 29. Bf4 Qa5 30. Rd3 Ne4 31. Bc4 Rxf2 32. Rxf2 Nxf2 33.
Bxf7+ Kxf7 34. Kxf2 Qxa2+ 35. Rd2 Qa7+ 36. Kf3 c5 37. h4 Qb7+ 38. Ke3 Kg6 39.
Kd3 Kf5 40. Kc4 Qb4+ 41. Kd5 Qb5 42. Bg5 Kg4 43. Bf4 Kf3 44. Ke5 Qb3 45. Rd7 c4
46. Rc7 Qd3 47. Ke6 Ke4 48. Rd7 Qb3 49. Rc7 c3+ 50. Kd7 Kd5 51. Kd8 Qb8+ 52.
Kd7 Qg8 53. Ke7 Qg7+ 54. Ke8 Qg6+ 55. Kd8 c2 56. Rc8 Qb6+ 57. Kd7 Qb5+ 58. Kd8
Ke6 59. Rc7 Qd5+ 60. Rd7 Qxd7# 0-1

[Event "PokerStars Masters 2nd"]
[Site "Douglas"]
[Date "2015.10.03"]
[Round "1.34"]
[White "Cherniaev, Alexander"]
[Black "Burrows, Martin"]
[Result "1-0"]
[WhiteElo "2458"]
[BlackElo "2147"]
[PlyCount "59"]
[EventDate "2015.10.03"]
[EventType "swiss"]
[EventRounds "9"]
[EventCountry "IOM"]
[SourceTitle "twic1065-1099"]
[Source "Mark Crowther"]
[SourceDate "2015.12.04"]
[SourceVersion "1"]
[SourceVersionDate "2015.12.04"]
[SourceQuality "1"]

1. d4 e6 2. g3 Nf6 3. Bg2 d5 4. Nf3 b5 5. O-O Be7 6. c3 Bb7 7. Bg5 Nbd7 8. Nbd2
O-O 9. a4 b4 10. c4 c5 11. cxd5 exd5 12. dxc5 Nxc5 13. Nd4 h6 14. Bf4 Nfe4 15.
N2f3 Bf6 16. a5 Re8 17. Qe1 g5 18. Be3 g4 19. Qxb4 gxf3 20. exf3 Nd3 21. Qa4
Nd6 22. Qa3 Ne5 23. a6 Nec4 24. Qd3 Bc8 25. Bxh6 Qb6 26. Ne2 Bxa6 27. Rxa6 Qxa6
28. f4 Rab8 29. Bxd5 Bxb2 30. Qg6+ 1-0

[Event "PokerStars Masters 2nd"]
[Site "Douglas"]
[Date "2015.10.03"]
[Round "1.35"]
[White "Zahn, Alina"]
[Black "Greet, Andrew"]
[Result "1/2-1/2"]
[WhiteElo "2130"]
[BlackElo "2455"]
[PlyCount "100"]
[EventDate "2015.10.03"]
[EventType "swiss"]
[EventRounds "9"]
[EventCountry "IOM"]
[SourceTitle "twic1065-1099"]
[Source "Mark Crowther"]
[SourceDate "2015.12.04"]
[SourceVersion "1"]
[SourceVersionDate "2015.12.04"]
[SourceQuality "1"]

1. e4 e6 2. d4 d5 3. Nc3 Nf6 4. e5 Nfd7 5. f4 c5 6. Nf3 Nc6 7. Be3 Be7 8. Qd2
O-O 9. Bd3 f6 10. exf6 Bxf6 11. Be2 b6 12. O-O Bb7 13. Nd1 Qc7 14. c3 Ne7 15.
Nf2 Nf5 16. Ng4 Be7 17. Nge5 Nf6 18. Bd3 Ne4 19. Qe2 c4 20. Bc2 b5 21. Nd2 Bd6
22. Rf3 b4 23. Bf2 Nxf2 24. Qxf2 bxc3 25. bxc3 Rab8 26. Rh3 h6 27. Ndf3 Bc8 28.
Re1 a5 29. Bb1 Qb6 30. g4 Bxe5 31. fxe5 Qxb1 32. Rxb1 Rxb1+ 33. Kg2 Ne7 34. Qc2
Rb7 35. Nh4 Bd7 36. Rf3 Rxf3 37. Kxf3 Be8 38. Qd2 Ng6 39. Ng2 a4 40. Qc1 Rf7+
41. Kg3 Rb7 42. h4 Nf8 43. h5 Nh7 44. Nf4 Ng5 45. Ng6 Rf7 46. Qa3 Ne4+ 47. Kg2
Rf2+ 48. Kh1 Rf1+ 49. Kg2 Rf2+ 50. Kh1 Rf1+ 1/2-1/2

[Event "PokerStars Masters 2nd"]
[Site "Douglas"]
[Date "2015.10.03"]
[Round "1.36"]
[White "Pert, Richard G"]
[Black "Ottosen, David"]
[Result "1-0"]
[WhiteElo "2450"]
[BlackElo "2096"]
[PlyCount "63"]
[EventDate "2015.10.03"]
[EventType "swiss"]
[EventRounds "9"]
[EventCountry "IOM"]
[SourceTitle "twic1065-1099"]
[Source "Mark Crowther"]
[SourceDate "2015.12.04"]
[SourceVersion "1"]
[SourceVersionDate "2015.12.04"]
[SourceQuality "1"]

1. e4 e6 2. d4 d5 3. Nd2 Nc6 4. Ngf3 Nf6 5. e5 Nd7 6. Bd3 f6 7. exf6 Qxf6 8.
Nf1 Bd6 9. Ne3 O-O 10. O-O Nb4 11. Ng4 Qe7 12. Be2 c5 13. c3 Nc6 14. Re1 Bf4
15. h3 Qd6 16. Bb5 cxd4 17. cxd4 Nf6 18. Nge5 Ne4 19. Bxf4 Rxf4 20. Bxc6 bxc6
21. Qc1 Qf8 22. Qxc6 Rb8 23. Rac1 Nd6 24. b3 Rb6 25. Qc5 Ra6 26. a4 Bb7 27. Qc7
Ba8 28. Qd7 Rf6 29. Re3 Rb6 30. Qc7 Rb7 31. Qa5 Nf7 32. Rec3 1-0

[Event "PokerStars Masters 2nd"]
[Site "Douglas"]
[Date "2015.10.03"]
[Round "1.37"]
[White "Logallo, Claudio"]
[Black "Paehtz, Elisabeth"]
[Result "0-1"]
[WhiteElo "2067"]
[BlackElo "2447"]
[PlyCount "110"]
[EventDate "2015.10.03"]
[EventType "swiss"]
[EventRounds "9"]
[EventCountry "IOM"]
[SourceTitle "twic1065-1099"]
[Source "Mark Crowther"]
[SourceDate "2015.12.04"]
[SourceVersion "1"]
[SourceVersionDate "2015.12.04"]
[SourceQuality "1"]

1. d4 Nf6 2. Bg5 Ne4 3. Bf4 c5 4. d5 Qb6 5. Bc1 g6 6. f3 Nd6 7. e4 Bg7 8. c3 f5
9. Qe2 e6 10. dxe6 O-O 11. e5 Re8 12. f4 Rxe6 13. Qc2 Qc6 14. Nf3 Nf7 15. Bc4
d5 16. Be2 b6 17. h4 Nd7 18. Be3 Bb7 19. Nbd2 Rae8 20. Bf2 Bh6 21. Bg3 Nf6 22.
Ng5 Bxg5 23. hxg5 Ng4 24. Bxg4 fxg4 25. O-O-O R6e7 26. Rhe1 Bc8 27. Nf1 Bf5 28.
Qd2 d4 29. b3 Nd8 30. cxd4 cxd4+ 31. Kb2 Ne6 32. Rc1 Qb7 33. Ka1 Rd7 34. Bh2
Nc5 35. Red1 Qa6 36. Qb4 Be6 37. Rb1 Red8 38. Bg1 Nd3 39. Qd2 Nc5 40. Qb4 Bf5
41. Rbc1 Nd3 42. Qc4+ Qxc4 43. Rxc4 Nxf4 44. Rcxd4 Rxd4 45. Rxd4 Rxd4 46. Bxd4
Nxg2 47. a4 Nf4 48. a5 Ne2 49. Bf2 bxa5 50. Kb2 Kf7 51. Bxa7 g3 52. Nxg3 Nxg3
53. Bb6 Ne4 54. Bxa5 Nxg5 55. Bd8 Nf3 0-1

[Event "PokerStars Masters 2nd"]
[Site "Douglas"]
[Date "2015.10.03"]
[Round "1.38"]
[White "Tan, Justin"]
[Black "Hewson, Brian Wr"]
[Result "1-0"]
[WhiteElo "2445"]
[BlackElo "2059"]
[PlyCount "71"]
[EventDate "2015.10.03"]
[EventType "swiss"]
[EventRounds "9"]
[EventCountry "IOM"]
[SourceTitle "twic1065-1099"]
[Source "Mark Crowther"]
[SourceDate "2015.12.04"]
[SourceVersion "1"]
[SourceVersionDate "2015.12.04"]
[SourceQuality "1"]

1. e4 c6 2. d4 d5 3. Nc3 dxe4 4. Nxe4 Nd7 5. Nf3 Ngf6 6. Nxf6+ exf6 7. Bd3 Bd6
8. O-O O-O 9. c4 Re8 10. Be3 Nf8 11. Qd2 Bg4 12. Nh4 g6 13. h3 f5 14. Bg5 Be7
15. Bxe7 Qxe7 16. Qh6 Be2 17. Rfe1 Bxd3 18. Rxe7 Rxe7 19. Qd2 Bxc4 20. Qb4 Re4
21. Qxb7 Rd8 22. Nf3 Bd5 23. Qxa7 Re2 24. Qb6 Rde8 25. Qb4 Bxf3 26. gxf3 Ne6
27. Re1 Nxd4 28. Rxe2 Nxe2+ 29. Kf1 g5 30. a4 Nf4 31. Qd6 Kg7 32. a5 Re6 33.
Qb8 h6 34. a6 c5 35. a7 Ra6 36. a8=Q 1-0

[Event "PokerStars Masters 2nd"]
[Site "Douglas"]
[Date "2015.10.03"]
[Round "1.39"]
[White "Harari, Zaki"]
[Black "Swayams, Mishra"]
[Result "0-1"]
[WhiteElo "2053"]
[BlackElo "2444"]
[PlyCount "74"]
[EventDate "2015.10.03"]
[EventType "swiss"]
[EventRounds "9"]
[EventCountry "IOM"]
[SourceTitle "twic1065-1099"]
[Source "Mark Crowther"]
[SourceDate "2015.12.04"]
[SourceVersion "1"]
[SourceVersionDate "2015.12.04"]
[SourceQuality "1"]

1. e4 e5 2. Nf3 Nc6 3. d4 exd4 4. Bc4 Nf6 5. O-O Nxe4 6. Re1 d5 7. Bxd5 Qxd5 8.
Nc3 Qa5 9. Nxe4 Be6 10. Neg5 O-O-O 11. Nxe6 fxe6 12. Rxe6 Qd5 13. Qe2 h6 14. a3
Bd6 15. Bd2 Rhf8 16. Qe4 Qxe4 17. Rxe4 Be7 18. Ne1 Rf5 19. Nd3 Bd6 20. Rae1
Rdf8 21. R1e2 Kd7 22. g3 R8f7 23. Kg2 Re7 24. f4 Rxe4 25. Rxe4 Rd5 26. Kf3 Ne7
27. g4 c5 28. h4 h5 29. gxh5 Rxh5 30. Kg4 Rd5 31. h5 Ng8 32. Ne5+ Bxe5 33. fxe5
Ke6 34. Kg5 Ne7 35. Kf4 Nc6 36. Kg5 Rxe5+ 37. Rxe5+ Nxe5 0-1

[Event "PokerStars Masters 2nd"]
[Site "Douglas"]
[Date "2015.10.03"]
[Round "1.40"]
[White "Hamitevici, Vladimir"]
[Black "Sipos, Silvester"]
[Result "1-0"]
[WhiteElo "2439"]
[BlackElo "2003"]
[PlyCount "71"]
[EventDate "2015.10.03"]
[EventType "swiss"]
[EventRounds "9"]
[EventCountry "IOM"]
[SourceTitle "twic1065-1099"]
[Source "Mark Crowther"]
[SourceDate "2015.12.04"]
[SourceVersion "1"]
[SourceVersionDate "2015.12.04"]
[SourceQuality "1"]

1. d4 Nf6 2. Nf3 e6 3. e3 b6 4. Bd3 Bb7 5. O-O Be7 6. Nbd2 d5 7. Ne5 O-O 8. f4
Ne4 9. Nxe4 dxe4 10. Bc4 Bd5 11. Bb3 Bxb3 12. axb3 f6 13. Nc4 a5 14. g4 Na6 15.
c3 Qd5 16. Qe2 Qb5 17. Qc2 f5 18. Rf2 Rfd8 19. Rg2 c5 20. Bd2 Rac8 21. Qd1 cxd4
22. exd4 Nc7 23. Ne5 Qe8 24. Qe2 Bd6 25. Kh1 Bxe5 26. fxe5 Qc6 27. Rf1 Rf8 28.
gxf5 exf5 29. c4 g6 30. h4 Qd7 31. h5 Ne6 32. d5 f4 33. dxe6 Qxe6 34. Rxf4 Kg7
35. Qg4 Qc6 36. Rf6 1-0

[Event "PokerStars Masters 2nd"]
[Site "Douglas"]
[Date "2015.10.03"]
[Round "1.41"]
[White "Weinstein, Shaul"]
[Black "Williams, Simon Kim"]
[Result "0-1"]
[WhiteElo "1991"]
[BlackElo "2429"]
[PlyCount "66"]
[EventDate "2015.10.03"]
[EventType "swiss"]
[EventRounds "9"]
[EventCountry "IOM"]
[SourceTitle "twic1065-1099"]
[Source "Mark Crowther"]
[SourceDate "2015.12.04"]
[SourceVersion "1"]
[SourceVersionDate "2015.12.04"]
[SourceQuality "1"]

1. d4 e6 2. Nf3 f5 3. Nc3 Nf6 4. Bg5 d5 5. e3 Be7 6. Bd3 O-O 7. O-O Nbd7 8. Ne2
Ne4 9. Bxe7 Qxe7 10. c4 c6 11. Rc1 Rf6 12. Ne5 Rh6 13. Qe1 Nxe5 14. dxe5 Qh4
15. h3 Ng5 16. Nf4 Nf3+ 17. gxf3 g5 18. Kg2 gxf4 19. Rh1 Rg6+ 20. Kh2 Bd7 21.
Rg1 Kf7 22. Rxg6 hxg6 23. Qd2 fxe3 24. fxe3 d4 25. f4 c5 26. exd4 cxd4 27. Bf1
Bc6 28. Qxd4 Rd8 29. Qc3 g5 30. fxg5 f4 31. g6+ Kg7 32. Qe1 Rd2+ 33. Be2 Rxe2+
0-1

[Event "PokerStars Masters 2nd"]
[Site "Douglas"]
[Date "2015.10.03"]
[Round "1.42"]
[White "Basso, Pier Luigi"]
[Black "Winter, Kevin"]
[Result "1-0"]
[WhiteElo "2428"]
[BlackElo "1811"]
[PlyCount "51"]
[EventDate "2015.10.03"]
[EventType "swiss"]
[EventRounds "9"]
[EventCountry "IOM"]
[SourceTitle "twic1065-1099"]
[Source "Mark Crowther"]
[SourceDate "2015.12.04"]
[SourceVersion "1"]
[SourceVersionDate "2015.12.04"]
[SourceQuality "1"]

1. d4 e6 2. c4 f5 3. Nc3 Nf6 4. e3 Be7 5. Bd3 O-O 6. Nge2 d6 7. b3 a5 8. Qc2
Nc6 9. a4 Qe8 10. Bb2 Bd8 11. Rd1 Ne7 12. e4 Ng4 13. O-O f4 14. h3 Nh6 15. e5
Nhf5 16. Nxf4 Nxd4 17. Bxh7+ Kh8 18. Rxd4 dxe5 19. Ng6+ Nxg6 20. Bxg6 exd4 21.
Bxe8 dxc3 22. Qxc3 Bf6 23. Qf3 Be7 24. Qh5+ Kg8 25. Bg6 Bd7 26. Qh7# 1-0

[Event "PokerStars Masters 2nd"]
[Site "Douglas"]
[Date "2015.10.03"]
[Round "1.43"]
[White "Gaehwiler, Gabriel"]
[Black "Melkumyan, Hrant"]
[Result "0-1"]
[WhiteElo "2328"]
[BlackElo "2622"]
[PlyCount "126"]
[EventDate "2015.10.03"]
[EventType "swiss"]
[EventRounds "9"]
[EventCountry "IOM"]
[SourceTitle "twic1065-1099"]
[Source "Mark Crowther"]
[SourceDate "2015.12.04"]
[SourceVersion "1"]
[SourceVersionDate "2015.12.04"]
[SourceQuality "1"]

1. e4 g6 2. d4 Bg7 3. Nc3 d6 4. Be3 a6 5. Bd3 Nd7 6. Nge2 c5 7. dxc5 Nxc5 8.
Qd2 Bd7 9. Rb1 Rc8 10. b4 Nxd3+ 11. cxd3 Nf6 12. Bh6 O-O 13. Bxg7 Kxg7 14. O-O
Qb6 15. Qb2 e5 16. h3 Be6 17. Kh2 Nd7 18. f4 f6 19. Qd2 Rc6 20. d4 Rc7 21. fxe5
dxe5 22. d5 Bf7 23. Na4 Qd6 24. Rfc1 Rxc1 25. Rxc1 f5 26. Ng3 f4 27. Nh1 Nf6
28. Nf2 Re8 29. Nc5 Re7 30. Qc3 h5 31. Ncd3 g5 32. Qc5 Ne8 33. a4 Qf6 34. b5 g4
35. hxg4 hxg4 36. Nxg4 Qh4+ 37. Kg1 Rc7 38. Qxc7 Nxc7 39. Rxc7 Qxg4 40. Rxf7+
Kg8 41. Nxe5 Qd1+ 42. Kf2 Qd4+ 43. Kf3 Qxe5 44. Rf5 Qd6 45. bxa6 Qxa6 46. d6
Qxa4 47. Rd5 Qd7 48. Kxf4 Kf7 49. Ke5 Ke8 50. Rc5 Kd8 51. Rc7 Qe8+ 52. Kf5 Qh5+
53. Kf6 Qh6+ 54. Ke5 b5 55. Kd5 b4 56. e5 Qd2+ 57. Kc5 Qc3+ 58. Kd5 Qd3+ 59.
Kc5 b3 60. e6 Qc3+ 61. Kd5 Qxc7 62. dxc7+ Kxc7 63. e7 Kd7 0-1

[Event "PokerStars Masters 2nd"]
[Site "Douglas"]
[Date "2015.10.03"]
[Round "1.44"]
[White "L'Ami, Erwin"]
[Black "Zwahr, Paul"]
[Result "1-0"]
[WhiteElo "2619"]
[BlackElo "2326"]
[PlyCount "97"]
[EventDate "2015.10.03"]
[EventType "swiss"]
[EventRounds "9"]
[EventCountry "IOM"]
[SourceTitle "twic1065-1099"]
[Source "Mark Crowther"]
[SourceDate "2015.12.04"]
[SourceVersion "1"]
[SourceVersionDate "2015.12.04"]
[SourceQuality "1"]

1. d4 Nf6 2. c4 g6 3. Nf3 Bg7 4. g3 O-O 5. Bg2 d6 6. O-O Nc6 7. Nc3 a6 8. Bf4
Rb8 9. Rc1 Bd7 10. Qd2 b5 11. Nd5 bxc4 12. Nxf6+ Bxf6 13. Rxc4 e5 14. Bh6 Re8
15. dxe5 Nxe5 16. Nxe5 Bxe5 17. b3 Bb5 18. Rc2 c5 19. Rd1 a5 20. e3 Qb6 21. Bf4
Bxf4 22. gxf4 Rbd8 23. Bd5 Bc6 24. Qc3 Bxd5 25. Rxd5 a4 26. bxa4 Qc6 27. Rcd2
Qxa4 28. Rxd6 Rxd6 29. Rxd6 Qxa2 30. Qxc5 Qb1+ 31. Kg2 Qe4+ 32. Kg3 Qh1 33. Qd5
Qg1+ 34. Qg2 Qe1 35. Qf3 Qg1+ 36. Kh3 Qf1+ 37. Kh4 Kg7 38. h3 Qc4 39. Kg3 Rb8
40. f5 Qf1 41. f6+ Kg8 42. Qd1 Qxd1 43. Rxd1 h5 44. e4 g5 45. h4 Rb6 46. e5
Rb3+ 47. Kg2 Rb5 48. Ra1 Kh7 49. e6 1-0

[Event "PokerStars Masters 2nd"]
[Site "Douglas"]
[Date "2015.10.03"]
[Round "1.45"]
[White "Lyell, Mark"]
[Black "Illingworth, Max"]
[Result "1-0"]
[WhiteElo "2285"]
[BlackElo "2517"]
[PlyCount "133"]
[EventDate "2015.10.03"]
[EventType "swiss"]
[EventRounds "9"]
[EventCountry "IOM"]
[SourceTitle "twic1065-1099"]
[Source "Mark Crowther"]
[SourceDate "2015.12.04"]
[SourceVersion "1"]
[SourceVersionDate "2015.12.04"]
[SourceQuality "1"]

1. e4 c6 2. Nc3 d5 3. Nf3 Nf6 4. e5 Ne4 5. d4 Nxc3 6. bxc3 e6 7. Be2 c5 8. O-O
c4 9. Ng5 h6 10. Nh3 Qa5 11. Bd2 Ba3 12. Rb1 Nd7 13. f4 Nb6 14. Nf2 Na4 15. Qe1
Bd7 16. Nd1 h5 17. Ne3 b5 18. f5 O-O-O 19. fxe6 fxe6 20. Rf7 Rdg8 21. Qf1 Be8
22. Nxd5 exd5 23. Qf5+ Kb8 24. e6 Bc6 25. Bf4+ Ka8 26. Bf3 Nxc3 27. Rf1 Rc8 28.
Be5 Qd8 29. Bxg7 Rg8 30. Bxh5 Ne4 31. Be5 Be7 32. Bf3 Ng5 33. Rg7 Rxg7 34. Bxg7
Qd6 35. Bg4 Qa3 36. h4 Ne4 37. Be5 Qe3+ 38. Kh1 Bxh4 39. e7 Re8 40. Bh5 Qh6 41.
Bxe8 Bxe7+ 42. Qh5 Qxh5+ 43. Bxh5 b4 44. Rf7 Bg5 45. Rf8+ Kb7 46. Rb8+ Ka6 47.
Rxb4 Be7 48. Rb8 Ba4 49. Bf7 Nc3 50. Be6 Bc6 51. Bc7 Bb7 52. Bc8 Bxc8 53. Rxc8
Kb7 54. Re8 Bf6 55. Be5 Bg5 56. Rg8 Ne4 57. Rg6 a5 58. a4 Bd2 59. g4 Kc8 60.
Kg2 Kd7 61. Kf3 Ke7 62. Rg7+ Ke6 63. Ra7 Bc3 64. Ra6+ Kf7 65. Kf4 Bd2+ 66. Kf5
Ng3+ 67. Bxg3 1-0

[Event "PokerStars Masters 2nd"]
[Site "Douglas"]
[Date "2015.10.03"]
[Round "1.46"]
[White "Vishnu, Prasanna V"]
[Black "Ambartsumova, Karina"]
[Result "1-0"]
[WhiteElo "2503"]
[BlackElo "2262"]
[PlyCount "31"]
[EventDate "2015.10.03"]
[EventType "swiss"]
[EventRounds "9"]
[EventCountry "IOM"]
[SourceTitle "twic1065-1099"]
[Source "Mark Crowther"]
[SourceDate "2015.12.04"]
[SourceVersion "1"]
[SourceVersionDate "2015.12.04"]
[SourceQuality "1"]

1. Nf3 Nf6 2. c4 e6 3. g3 d5 4. Bg2 dxc4 5. Qa4+ Bd7 6. Qxc4 c5 7. Ne5 Qc8 8.
O-O Nc6 9. Nxd7 Qxd7 10. Nc3 Be7 11. Qa4 Rc8 12. d3 O-O 13. Bd2 Rfd8 14. Rfd1
h6 15. Rac1 b6 16. Be1 1-0

[Event "PokerStars Masters 2nd"]
[Site "Douglas"]
[Date "2015.10.03"]
[Round "1.47"]
[White "Afek, Yochanan"]
[Black "Klein, Gernot"]
[Result "1-0"]
[WhiteElo "2252"]
[BlackElo "1881"]
[PlyCount "28"]
[EventDate "2015.10.03"]
[EventType "swiss"]
[EventRounds "9"]
[EventCountry "IOM"]
[SourceTitle "twic1065-1099"]
[Source "Mark Crowther"]
[SourceDate "2015.12.04"]
[SourceVersion "1"]
[SourceVersionDate "2015.12.04"]
[SourceQuality "1"]

1. e4 c5 2. Nf3 e6 3. c3 d5 4. e5 d4 5. Bd3 Nc6 6. O-O Nge7 7. Re1 Ng6 8. g3
Qc7 9. Qe2 a6 10. h4 b5 11. h5 Nge7 12. Be4 Bb7 13. d3 g6 14. Bf4 Rd8 1-0